UM Logo

Reseach methods for criminal justice and criminology/ (Record no. 9469)

MARC details
000 -LEADER
fixed length control field 00740nam a22002057a 4500
008 - FIXED-LENGTH DATA ELEMENTS--GENERAL INFORMATION
fixed length control field 180704b ||||| |||| 00| 0 eng d
020 ## - INTERNATIONAL STANDARD BOOK NUMBER
International Standard Book Number 978-1-337-09182-4
082 ## - DEWEY DECIMAL CLASSIFICATION NUMBER
Edition number 2018
Classification number DC 364.072
Item number M450
100 ## - MAIN ENTRY--PERSONAL NAME
9 (RLIN) 28127
Personal name Maxfield, Michael G.
245 ## - TITLE STATEMENT
Title Reseach methods for criminal justice and criminology/
Statement of responsibility, etc. Michael G. Maxfield
250 ## - EDITION STATEMENT
Edition statement 8e
260 ## - PUBLICATION, DISTRIBUTION, ETC. (IMPRINT)
Place of publication, distribution, etc. Australia:
Name of publisher, distributor, etc. CENGAGE Learning,
Date of publication, distribution, etc. ©2018
300 ## - PHYSICAL DESCRIPTION
Extent v, 479 pages:
Other physical details illustrations;
Dimensions 26 cm.
500 ## - GENERAL NOTE
General note Includes glossary, references and index.
650 #0 - SUBJECT ADDED ENTRY--TOPICAL TERM
9 (RLIN) 28138
Topical term or geographic name as entry element Criminal justice, Administration of -- Research -- Methodology
650 #0 - SUBJECT ADDED ENTRY--TOPICAL TERM
9 (RLIN) 28139
Topical term or geographic name as entry element Criminology -- Research -- Methodology
700 ## - ADDED ENTRY--PERSONAL NAME
9 (RLIN) 28140
Personal name Babbie, Earl R.
365 ## - TRADE PRICE
Price amount 8,179.20
Currency code Php.
942 ## - ADDED ENTRY ELEMENTS (KOHA)
Source of classification or shelving scheme Dewey Decimal Classification
Koha item type Circulation
Holdings
Withdrawn status Lost status Source of classification or shelving scheme Damaged status Not for loan Collection code Home library Current library Date acquired Source of acquisition Cost, normal purchase price Total Checkouts Full call number Barcode Date last seen Copy number Price effective from Koha item type
    Dewey Decimal Classification     Circulation UM Digos College - LIC UM Digos College - LIC 06/08/2018 Purchased 8179.20   DC 364.072 22 M450 2018 24983 05/15/2025 1 07/04/2018 Circulation